Mother & baby exercise : an easy fitness programme to take you through pregnancy

Bibliographic Details
Main Author: Scattergood, Emma
Format: Book
Published: London : Ward Lock , 1995
Subjects:

MARC

LEADER 00000cam a2200000 7i4500
001 0000007059
002 000007597
005 20000330.0
020 |a 0706373928 
090 0 0 |a 618.24   |b SCA 
100 1 |a Scattergood, Emma 
245 1 0 |a Mother & baby exercise :   |b an easy fitness programme to take you through pregnancy   |c Emma Scattergood 
260 |a London :   |b Ward Lock ,   |c 1995 
300 |a 128p. :   |b ill. ;   |c 25cm. 
650 0 0 |a Exercise for pregnant women 
999 |a 046873   |b BUKU   |c PINJAMAN   |e PERPUSTAKAAN KOMUNITI CAW KOTA DAMANSARA 
999 |a 048851   |b BUKU   |c PINJAMAN   |e PERPUSTAKAAN KOMUNITI PETALING JAYA 
999 |a 048853   |b BUKU   |c PINJAMAN   |e PERPUSTAKAAN KOMUNITI PETALING JAYA